000 00336nam a2200121Ia 4500
005 20260328101449.0
008 260328s9999||||xx |||||||||||||| ||und||
100 _aGutiérrez, Ramón
245 0 _aArquitectura en la Argentina - Vol.3 :
_b Litoral /
_cRamón Gutiérrez
260 _bEudeba
650 _aARQUITECTURA REGIONAL
942 _cBK
999 _c8579
_d8579